A box of stolen moments / (Record no. 87609)

MARC details
000 -LEADER
fixed length control field 00538nam a22001817a 4500
005 - DATE AND TIME OF LATEST TRANSACTION
control field 20140805154212.0
010 ## - LCCN (DPL NO)
LC control number ENG-109655
020 ## - INTERNATIONAL STANDARD BOOK NUMBER
International Standard Book Number 9789382536178
Terms of availability 160.00
035 ## - SYSTEM CONTROL NUMBER
System control number EN-93188
037 ## - SOURCE OF ACQUISITION
Source of stock number/acquisition DBAD/PUB
082 ## - DEWEY DECIMAL CLASSIFICATION NUMBER
Classification number S
100 ## - MAIN ENTRY--PERSONAL NAME
Personal name Bande,Usha
245 ## - TITLE STATEMENT
Title A box of stolen moments /
Statement of responsibility, etc by Usha Bande ; foreworded by Shashi Deshpande
260 ## - PUBLICATION, DISTRIBUTION, ETC. (IMPRINT)
Place of publication, distribution, etc New Delhi
Name of publisher, distributor, etc LiFi Publications
Date of publication, distribution, etc 2014
270 ## - ADDRESS
Address 211, 2nd Floor, Gagandeep, 12, Rajendra Place
City New Delhi
Postal code 110008
300 ## - PHYSICAL DESCRIPTION
Extent xii,164p.
Dimensions 22cm(pbk)
942 ## - ADDED ENTRY ELEMENTS (KOHA)
Source of classification or shelving scheme Dewey Decimal Classification
Item type English Books
Classification part S
Call number suffix BAN
Holdings
Withdrawn status Lost status Not for loan Collection code Home library Current library Date acquired Source of acquisition Cost, normal purchase price Full call number Barcode Copy number Cost, replacement price Koha item type
    Not For Loan Non-fiction D.B.Act.Division D.B.Act.Division 05/08/2014 DBAD/PUB 160.00 S BAN EN-93188 1 160.00 English Books

© Delhi Public Library
Hit Counter
free hit counter